书目信息 |
| 题名: |
工程动力学振动与控制
|
|
| 作者: | 徐铭陶 , 肖明葵 编著 | |
| 分册: | ||
| 出版信息: | 北京 机械工业出版社 2004.09 |
|
| 页数: | xii, 420页 | |
| 开本: | 24cm | |
| 丛书名: | 高等工程力学系列规划教材 | |
| 单 册: | ||
| 中图分类: | TB122 | |
| 科图分类: | ||
| 主题词: | 工程力学--动力学--高等学校--教材 | |
| 电子资源: | ||
| ISBN: | 7-111-14491-0 | |
| 000 | 00965nam 2200277 450 | |
| 001 | 010563631984 | |
| 005 | 20051007140849.42 | |
| 010 | @a7-111-14491-0@dCNY33.00 | |
| 100 | @a20050329d2004 km y0chiy0120 ea | |
| 101 | 0 | @achi |
| 102 | @aCN@b110000 | |
| 105 | @aa a 000yy | |
| 200 | 1 | @a工程动力学振动与控制@Agong cheng dong li xue zhen dong yu kong zhi@f徐铭陶, 肖明葵编著@Fxu ming tao,xiao ming kui bian zhu |
| 210 | @a北京@c机械工业出版社@d2004.09 | |
| 215 | @axii, 420页@c图@d24cm | |
| 225 | 2 | @a高等工程力学系列规划教材 |
| 320 | @a有书目 (第419-420页). | |
| 330 | @a全书分6章阐述本书的主题:自然界和工程中物质客体运动的力学与数学模型的建立、解析和应用。 | |
| 333 | @a高等学校学生。 | |
| 410 | 0 | @12001 @a高等工程力学系列规划教材 |
| 606 | 0 | @a工程力学@x动力学@x高等学校@j教材 |
| 690 | @aTB122@v4 | |
| 701 | 0 | @a徐铭陶@Axu ming tao@4编著 |
| 701 | 0 | @a肖明葵@Axiao ming kui@4编著 |
| 801 | 0 | @aCN@bQSSK@c20051007 |
| 905 | @a10447@dTB122@eM766 | |
| 工程动力学振动与控制/徐铭陶, 肖明葵编著.-北京:机械工业出版社,2004.09 |
| xii, 420页:图;24cm.-(高等工程力学系列规划教材) |
| 使用对象:高等学校学生。 |
| ISBN 7-111-14491-0:CNY33.00 |
| 全书分6章阐述本书的主题:自然界和工程中物质客体运动的力学与数学模型的建立、解析和应用。 |
| ● |
| 相关链接 |
|
|
|
正题名:工程动力学振动与控制
索取号:TB122/M766
 
预约/预借
| 序号 | 登录号 | 条形码 | 馆藏地/架位号 | 状态 | 备注 |
| 1 | 573565 | 205735659 | 自科库501/501自科库 4排1列1层/ [索取号:TB122/M766] | 在馆 | |
| 2 | 573566 | 205735668 | 期刊室512/501自科库 4排1列1层/ [索取号:TB122/M766] | 在馆 | |
| 3 | 573567 | 205735677 | 自科库501/501自科库 4排1列1层/ [索取号:TB122/M766] | 在馆 |